[Event "RUS-ch KO"]
[Site "Moscow"]
[Date "1999.12.16"]
[Round "1.2"]
[White "Yevseev, Denis"]
[Black "Vorotnikov, Vladislav V"]
[Result "1-0"]
[WhiteElo "2539"]
[BlackElo "2455"]
[Annotator "Finkel,A"]
[PlyCount "79"]
[EventDate "1999.12.04"]
[EventType "k.o."]
[EventRounds "6"]
[EventCountry "RUS"]
[SourceTitle "CBM 075"]
[Source "ChessBase"]
[SourceDate "2000.04.05"]
[SourceVersion "1"]
[SourceVersionDate "2000.04.05"]
[SourceQuality "1"]

1. d4 d6 2. e4 Nf6 3. f3 $5 {A ploy often used by players who employ the
Saemisch Variation against the King's Indian as after 3...g6, White would play
4.c4.} d5 $5 4. e5 (4. Nc3 dxe4 5. Bg5 $5 exf3 6. Nxf3 e6 7. Bd3 Be7 8. O-O Nc6
9. Kh1 Nb4 10. Ne5 O-O $5 $13 {Ward,C-Hodgson,J/BCF-ch Dundee/1993}) 4... Ng8 (
4... Nfd7 5. f4 c5 6. Nf3 Nc6 7. Be3 $1 cxd4 8. Nxd4 Nxd4 9. Bxd4 Nb8 10. Nc3
Nc6 11. Bb5 e6 12. a3 Bd7 13. Bxc6 Bxc6 $2 14. O-O g6 15. Qd2 $16 {Gelfand,
B-Adams,M Wijk aan Zee 1994.}) 5. c4 {The most ambitious and dangerous for
black reply.} (5. c3 c5 6. f4 cxd4 7. cxd4 Nc6 8. Nc3 Nh6 $1 9. Be2 Nf5 10. Nf3
e6 11. a3 Bd7 $13 {Gofshtein,L-Beim,V/Tel Aviv/1992/}) 5... c6 (5... e6 6. Nc3
(6. cxd5 exd5 $5 7. Nc3 Bb4 8. Bd3 Ne7 $13) 6... dxc4 7. Be3 (7. Bxc4 c5 $1)
7... Nd7 8. Qa4 Ne7 9. Bxc4 Nf5 10. Bf2 c6 $1 $132 {Van der Sterren,P-Speelman,
J/Moscow olm 1994}) (5... dxc4 6. Bxc4 e6 7. f4 (7. Ne2 Ne7 8. Be3 c5 9. dxc5
Qxd1+ 10. Kxd1 Nd7 11. Bb5 Nc6 12. Nbc3 Ndxe5 13. Kc2 $14 {Dreev,A-Kotsur,P/
Open 1999}) 7... Ne7 8. Nf3 Nbc6 9. Nc3 $13 {1/2:1/2,Psakhis,L-Beim,V/Herzliya/
1993/}) 6. Nc3 h5 $6 {Black has already lost time in the opening and so he
should start to develop the pieces!} (6... Be6 $6 7. c5 g6 8. b4 Nd7 9. Nge2
Qc7 10. Nf4 $16 {Ward,C-Trygstad,K/Politiken Cup 1999}) (6... e6 $5) 7. Bd3 g6
$6 8. Nge2 Nh6 9. Bg5 Nf5 (9... Bf5 $2 10. cxd5 cxd5 11. Bxf5 Nxf5 12. Qb3 $16
{[%cal Gb3d5,Gb3b7]}) 10. Qb3 $16 ({Even better was} 10. cxd5 $5 cxd5 11. Qb3
Nc6 12. Bxf5 Bxf5 13. Qxb7 Rc8 14. Rc1 $16 {with huge advantage.}) 10... Bh6
11. Bxh6 Rxh6 12. cxd5 (12. Bxf5 $6 dxc4 $1) 12... Ne3 13. Kf2 $6 ({After
simple} 13. dxc6 Nxc6 14. Kf2 Nf5 (14... Nxd4 $2 15. Qa4+ $18) 15. Bxf5 gxf5
16. Rhd1 $18 {black can resign.}) 13... Nxd5 14. Nxd5 cxd5 15. Rhc1 g5 16. Rc5
e6 (16... Rb6 17. Rxd5 Rxb3 18. Rxd8+ Kxd8 19. axb3 $16) 17. Qc3 $16 {Even
after inaccuracy of white on 13th move his advanage is very big:black has
troubles with development of his queenside,the pawns on the kingside are
extremly weak.} Nc6 18. b4 Bd7 19. b5 (19. Rc1 Rc8 20. b5 Ne7 21. Rxc8 Nxc8 22.
Qc7 b6 23. Qb7 $16) 19... Na5 20. Qb4 b6 (20... Rc8 21. Rac1 b6 22. Rxc8 Bxc8
23. f4 $16) 21. Rc3 Qe7 22. a3 $1 f6 23. Rc7 f5 24. Rac1 Rh8 25. R1c3 $5 {
Intending to move the knight from e2 and coveing square b3.} Kf7 (25... Qxb4
26. axb4 Nc4 27. Bxc4 dxc4 28. R3xc4 Bxb5 29. Rc8+ Ke7 30. R4c7+ Bd7 31. Rxh8
Rxh8 32. d5 exd5 33. Nd4 Rc8 34. Rxa7 $16) 26. Ng3 Ke8 27. h4 (27. Qxe7+ $5
Kxe7 28. Nxf5+ exf5 29. Bxf5 Rhd8 30. g4 Nc4 31. e6 Nd6 32. Rxd7+ Rxd7 33. exd7
$18) 27... g4 (27... gxh4 28. Nxf5 exf5 29. Bxf5 Rd8 30. e6 Nc4 $18) 28. Qxe7+
(28. Bxf5 $6 exf5 29. e6 Qxb4 30. exd7+ Kd8 31. Rc8+ Kxd7 32. R8c7+ Kd8 33.
axb4 Nc4 $14) 28... Kxe7 29. Ne2 {[%csl Rh5][%cal Ge2f4] White doesn't want to
enter any comlications and seems to want to win the game without single
tactical blow!} gxf3 30. gxf3 Rac8 $6 31. Rxa7 Rxc3 32. Nxc3 f4 33. Ne2 $18 Rc8
(33... Rf8 34. Ra6 $18) 34. Nxf4 Rc3 35. Nxd5+ $1 exd5 36. Bf5 Nc4 37. Rxd7+
Ke8 38. e6 Nxa3 39. Bg6+ Kf8 40. e7+ 1-0

[Event "Santa Monica"]
[Site "Santa Monica"]
[Date "2004.05.15"]
[Round "5"]
[White "Matikozian, Andranik"]
[Black "Young, Angelo"]
[Result "1-0"]
[WhiteElo "2467"]
[BlackElo "2390"]
[Annotator "Finkel,A"]
[PlyCount "113"]
[EventDate "2004.05.11"]
[EventType "tourn"]
[EventRounds "9"]
[EventCountry "USA"]
[EventCategory "9"]
[SourceTitle "CBM 102"]
[Source "ChessBase"]
[SourceDate "2004.09.23"]
[SourceVersion "1"]
[SourceVersionDate "2004.09.23"]
[SourceQuality "1"]

1. e4 d6 2. d4 Nf6 3. Nc3 c6 4. Be3 Nbd7 5. Qd2 b5 6. f3 a6 (6... Bb7 7. Nh3 e5
8. Bd3 Be7 9. a4 b4 10. Ne2 d5 11. exd5 Nxd5 12. Bf2 O-O $13 {Dydyshko,
V-Chebanenko,V/Riga 1975}) (6... Nb6 7. b3 Qc7 8. Bd3 e5 9. Nge2 Be7 10. O-O
O-O 11. Nd1 Rd8 12. Nf2 c5 13. c3 $14 {Pisulinski,J-Agrest,E/Mikolajki 1991}) (
6... Qc7 7. Nge2 e5 8. g4 Nb6 9. Ng3 g6 10. g5 Nfd7 11. h4 h5 12. f4 b4 13. Nd1
c5 $132 {Stavrev,N-Popchev,M/Bulgaria 1994}) (6... e5 7. O-O-O Bb7 8. Kb1 Be7
9. Nge2 Qc7 10. Ng3 g6 11. d5 a6 12. dxc6 Bxc6 13. h4 h5 $11 {Yudasin,
L-Altounian,L/Los Angeles 2003}) 7. O-O-O Qc7 (7... Nb6 8. Bd3 e6 9. g4 d5 10.
e5 Nfd7 11. Nce2 Bb7 12. Kb1 a5 $13 {Glazik,M-Socko,M/Wroclaw 1999}) 8. g4 h6 (
8... Nb6) 9. h4 Nb6 10. Nh3 e5 $6 {Giving white a chance to open up the
position. This decision proves to be wrong since white is far more prepared
for the break in the center.} (10... Nc4 $142 11. Bxc4 bxc4 12. g5 hxg5 13.
Nxg5 Rb8 $132) 11. g5 Nh5 12. Qf2 Rb8 (12... b4 13. dxe5 (13. Nb1 c5 14. dxe5
dxe5 15. Nd2 Be6 16. Kb1 $14) 13... bxc3 14. Bxb6 cxb2+ 15. Kb1 Qb8 16. Bc4 $36
) 13. f4 $1 {Black king doesn't feel very safe on e8.} b4 (13... hxg5 14. Nxg5
exf4 15. Bxf4 Nxf4 16. Qxf4 $14) 14. Nb1 Bg4 15. Re1 Be6 16. Nd2 a5 (16... exf4
17. Nxf4 Nxf4 18. Bxf4 hxg5 19. Bxg5 Be7 20. Bd3 $16) 17. b3 Bxh3 18. Rxh3 a4 (
18... exf4 19. Bxf4 Nxf4 20. Qxf4 a4 21. e5 d5 22. Qf5 $16 {[%cal Ge5e6]}) 19.
fxe5 axb3 20. cxb3 (20. exd6 $5 bxa2 21. dxc7 a1=Q+ 22. Nb1 Rc8 23. Be2 Rxc7
24. Qh2 $16) 20... dxe5 21. Nc4 Nf4 $2 {Missing the last chance to put up some
resistance after} (21... Nxc4 $8 22. Bxc4 exd4 23. Bxd4 Qf4+ 24. Qxf4 Nxf4 25.
Rf3 hxg5 26. hxg5 Ne6 27. Be3 Ra8 (27... Rh2 $2 28. Bxe6 fxe6 29. Bf4 $18) 28.
Kb1 Rh2 29. Ref1 $16) 22. Rf3 $18 {Black has too many weaknesses to hold on.}
hxg5 23. hxg5 Nxc4 24. Bxc4 f6 25. Rxf4 exf4 26. Bxf4 Qa7 (26... Bd6 27. Bxd6
Qxd6 28. e5 fxe5 29. Qf7+ Kd8 30. dxe5 $18 {[%cal Ge1d1]}) 27. Bxb8 Qxb8 28. e5
$5 (28. gxf6) 28... fxg5 29. Qf7+ Kd8 30. d5 Qc7 (30... cxd5 31. Rd1 $18) 31.
Qxc7+ Kxc7 32. d6+ Kd8 33. Rd1 {[%cal Ge5e6]} g4 34. e6 Rh6 35. e7+ Bxe7 36.
dxe7+ Kxe7 37. Rg1 Rg6 38. Be2 g3 39. Kd2 Kf6 40. Ke3 Ke5 41. Bf3 c5 42. Rc1
Kd6 43. Kf4 g2 44. Rg1 c4 45. Rxg2 Rxg2 46. Bxg2 c3 47. Ke3 g5 48. Bf3 Ke5 49.
Bg4 Kd5 50. Kd3 Kc6 51. a3 bxa3 52. Kxc3 Kb5 53. Be2+ Ka5 54. b4+ Ka4 55. Bd1+
Kb5 56. Kb3 a2 57. Be2+ 1-0

[Event "RUS-ch sf 58th"]
[Site "Kazan"]
[Date "2005.09.08"]
[Round "6"]
[White "Smirnov, Pavel"]
[Black "Bocharov, Dmitry"]
[Result "0-1"]
[WhiteElo "2635"]
[BlackElo "2574"]
[Annotator "Finkel,A"]
[PlyCount "80"]
[EventDate "2005.09.03"]
[EventType "swiss"]
[EventRounds "9"]
[EventCountry "RUS"]
[SourceTitle "CBM 109"]
[Source "ChessBase"]
[SourceDate "2005.11.14"]
[SourceVersion "1"]
[SourceVersionDate "2005.11.14"]
[SourceQuality "1"]

1. e4 d6 2. d4 Nf6 3. Nc3 e5 4. Nge2 Be7 {This position is a mixture of
Philidor defense and Pirc. In my opinion the position of the bishop on e7 is
in white's favor comparing to the regular line of Pirc defense.} 5. g3 Bg4 6.
Bg2 exd4 7. Qxd4 Nc6 8. Qe3 O-O (8... Qd7 9. h3 Be6 10. Nf4 O-O 11. O-O Rae8
12. b3 Qc8 13. Bb2 Bd8 14. Rad1 h6 15. Kh2 $14 {Howell,J-Conquest,S/Isle of
Man 1994}) 9. O-O (9. Nf4 Re8 10. h3 Bd7 11. g4 Nb4 12. Qd2 Bc6 13. O-O Bf8 14.
a3 Na6 15. b4 Nxe4 16. Nxe4 Bxe4 17. Bxe4 Rxe4 18. Qd5 Re8 19. Qxb7 Qc8 $11 {
Rosito,J-Tempone,M/Pena City 1996}) (9. h3 Nb4 (9... Bd7 10. Qd2 Re8 11. O-O
Bf8 12. Nf4 Ne5 13. g4 h5 14. g5 Nh7 15. Nxh5 Bxh3 16. f4 Bxg2 17. Qxg2 Nd7 18.
g6 $16 {Sax,G-Varga,Z/Lillafured 1999}) (9... Bc8 10. b3 d5 11. exd5 Nb4 12.
Qd2 Bf5 13. O-O Nxc2 14. Nd4 Nxd4 15. Qxd4 Ne8 $13 {Blehm,P-Szelag,M/Poraj 1997
}) 10. Qd2 Bxe2 11. Nxe2 Na6 12. O-O Nc5 13. Nc3 c6 14. b3 a5 15. Bb2 $14 {
Ivanchuk,V-Georgiev,V/Panormo 2001}) 9... Qc8 10. Nf4 Re8 11. b3 Bf8 12. Bb2
Ne5 13. h3 Bd7 14. g4 (14. Rad1 Ng6 15. Nxg6 hxg6 16. Kh2 $14) 14... Ng6 15. g5
({Another promising line was} 15. Nxg6 $5 {[%csl Rf8]} hxg6 16. f4 Bc6 17. Qd4
a5 18. Rae1 $14 {not allowing black to bring the bishop to g7.}) 15... Nxf4 16.
Qxf4 Nh5 17. Qh4 {[%csl Rh4]} ({Once again white had a choice between a move
in the game and} 17. Qf3 g6 18. Nd5 Re6 19. h4 c6 20. Ne3 $14) 17... g6 18. Nd5
Bc6 19. c4 Bxd5 20. cxd5 {[%csl Rc7]} Qd8 21. Qg4 h6 22. f4 $1 {Weakening of
e5 square is of minor importance since black knight can't get there. On the
other hand it's very important to keep an h-file closed since after} (22. h4
Bg7 23. Bxg7 Kxg7 24. f4 hxg5 25. hxg5 c6 $14 {[%cal Gd8b6] black might get
serious counterchances.}) 22... hxg5 23. fxg5 Bg7 24. Bxg7 Kxg7 25. Rf2 Re5 26.
Raf1 $6 {Choosing to attack the wrong pawn. It was much better to play} (26. h4
Qe7 (26... c6 27. Raf1 Qe7 (27... Qb6 28. Qd7 $1 Rf8 29. Kh2 $18) 28. Rxf7+
Qxf7 29. Rxf7+ Kxf7 30. dxc6 bxc6 31. Qd7+ $18) 27. Rc1 $16 {[%csl Rc7][%cal
Gf2c2]}) 26... Qe7 27. Rxf7+ $6 {After a move in the game white's chances to
win the game are minimal.} Qxf7 28. Rxf7+ Kxf7 29. Qd7+ Re7 30. Qb5 b6 31. e5
$2 {Trying to win at all cost proves to be too risky. Black rooks get 2 open
files to penitrate with decisive effect.} (31. h4 Rf8 32. Bf3 Nf4 33. Kh2 Kg7
34. Kg3 $14) 31... Rxe5 32. Qc6 Rae8 33. Qxc7+ R8e7 34. Qxd6 Rxg5 $17 35. Kh2 (
35. Kh1 Rf5 36. Qc6 Re1+ 37. Kh2 Rf2 38. d6 Ree2 $19) 35... Rf5 36. Qc6 Re2 37.
Kg1 Re1+ 38. Kh2 Rf2 39. d6 Ree2 40. Qb7+ Kf6 0-1

[Event "EU-ch 1st"]
[Site "Saint Vincent"]
[Date "2000.07.07"]
[Round "5"]
[White "Macieja, Bartlomiej"]
[Black "Azmaiparashvili, Zurab"]
[Result "0-1"]
[WhiteElo "2536"]
[BlackElo "2673"]
[Annotator "Finkel,A"]
[PlyCount "140"]
[EventDate "2000.07.03"]
[EventType "swiss"]
[EventRounds "11"]
[EventCountry "ITA"]
[SourceTitle "CBM 078"]
[Source "ChessBase"]
[SourceDate "2000.10.18"]
[SourceVersion "1"]
[SourceVersionDate "2000.10.18"]
[SourceQuality "1"]

1. e4 d6 2. d4 Nf6 3. Nc3 g6 4. Bg5 $5 {This move is one of the most dangerous
options to meet the Pirc defense.} c6 5. Qd2 b5 6. Bd3 Nbd7 7. f4 Bg7 (7... Nb6
$6 8. Nf3 Bg7 9. O-O b4 10. Ne2 c5 11. dxc5 dxc5 12. e5 Ng4 13. h3 Nh6 14. Qe3
$36 {Gofshtein,L-Kanstler,B/Czerniak mem Bikurei Haitim 1997}) 8. Nf3 (8. e5 b4
9. Nce2 Nd5 10. Nf3 f6 11. Bh4 Bh6 12. exd6 exd6 13. a3 bxa3 14. Rxa3 Qb6 15.
Rb3 $14 {Zontakh,A-Lorscheid,G/Berliner Sommer 1994}) 8... Qb6 (8... O-O 9. O-O
(9. e5 b4 10. Ne2 Nd5 11. exd6 f6 12. dxe7 Qxe7 13. Bh4 Ne3 14. Bf2 $1 $14 {
Krays,A-Beim,V/Rishon le Zion 1993}) 9... Nb6 (9... b4 10. Nd1 a5 11. Nf2 Qc7
12. c3 bxc3 13. bxc3 Nb6 14. Rac1 $14 {Mestel,A-Dzindzichashvili,R/Reykjavik
Summit 1990}) 10. Rae1 Bg4 11. Kh1 b4 12. Nd1 c5 13. c3 bxc3 14. bxc3 cxd4 15.
cxd4 Rc8 $132 {Lejlic,S-Hoi,C/Nordic Grand Prix 1997}) 9. e5 b4 10. Na4 $5 {
Very interesting move starting concrete play leading eventually to the
advantage of white.On the way black had a couple of possibilities to deviate,
but non of them doesn't lead to equality.} (10. Nd1 Nd5 11. Ne3 f6 12. Nc4 Qc7
13. exd6 exd6 14. O-O $5 fxg5 15. Rae1+ Kd8 16. Nxg5 N7f6 17. Nxd6 $40 {
Riegler,P-Slak,M/SLO-ch 1994}) 10... Qa5 11. b3 Nd5 12. O-O O-O ({Instead of
the move in the game black could choose following possibility} 12... h6 $5 13.
Bh4 g5 14. fxg5 dxe5 15. dxe5 Nxe5 16. Nxe5 Bxe5 17. g6 $1 $36 {,but it seems
that for the exchange white has very dangerous initiative.}) 13. a3 f6 14. Bh4
Bh6 $5 {[%csl Rf4] The consequances of this move are not that clear,but with
an exchange up white keeps better prospects} (14... fxe5 15. fxe5 dxe5 16. axb4
Qd8 (16... Qxb4 17. Qxb4 Nxb4 18. Bxe7 {[%cal Ge7f8,Ge7b4]} Nxd3 19. Bxf8 Bxf8
20. cxd3 $16) 17. dxe5 Nxe5 18. Nxe5 Bxe5 19. Rxf8+ Qxf8 20. Rf1 $14) 15. axb4
Qxb4 16. Qxb4 Nxb4 17. e6 $1 Nb8 $1 {[%csl Re6][%cal Gb4d3,Gb4c2]} (17... Nxd3
$2 18. exd7 Bxd7 19. cxd3 Bxf4 20. Nc3 $18) 18. Nb6 $1 {[%cal Ga1a8]} axb6 19.
Rxa8 Bxe6 20. Re1 $6 {Starting the combination leading to big advantage of
black.It seems that white overlooked 22nd move of black.After correct} (20. Ne1
$1 Nxd3 21. Nxd3 Bf5 22. Ne1 Kf7 23. Bg3 $14 {white stands better.}) 20... Kf7
21. Ng5+ $2 (21. Bg3 Nxd3 22. cxd3 Bxb3 23. Rb1 Bd5 24. Rxb6 Nd7 25. Rxf8+ Nxf8
26. Kf2 Ne6 27. Ke3 Ng7 $132) 21... fxg5 22. fxg5 Nd7 $1 $17 {[%csl Ra8] White
doesn't manage to win back the piece and black remains with two minor pieces
for the rook.} (22... Nxd3 $2 23. Rf1+ Bf5 24. gxh6 $16 {[%cal Gg2g4]}) 23.
Rf1+ Kg8 24. Ra4 Nxd3 25. gxh6 Nf4 26. Re1 Kf7 27. Rf1 Kg8 28. Re1 (28. Bxe7 $4
Ne2+ 29. Kh1 Rxf1#) 28... Rf5 $1 29. Bxe7 Rd5 30. Re4 ({Nothing changes} 30. g3
Kf7 $1 $17) 30... Kf7 31. Bxd6 Nh3+ $1 {Breaking white's pawn structure.} 32.
gxh3 Rxd6 33. h4 Bf5 34. Rf4 Kf6 35. c3 g5 36. hxg5+ Kxg5 37. Rf3 Bg6 38. Ra1
Kxh6 39. Re1 b5 40. Rh3+ Kg7 41. Re2 Bf7 $1 {The main thing in the endgame is
to be patient and not to hurry anywhere.Now husty} (41... b4 $6 42. cxb4 $1 (
42. Rd2 $2 bxc3 43. Rxc3 c5 $17 {[%cal Gd6d2]}) 42... Rxd4 43. Rc3 Re4 $6 44.
Rxe4 Bxe4 45. b5 cxb5 46. Rc7 Bf5 47. Rb7 $14 {would lead to a draw.}) 42. Rg2+
Kh8 43. Rb2 Nf6 44. Rg3 Bd5 $1 {[%cal Gf6e4,Gh8g7] Now black has to bring his
king to the center which will finally decide the game.The move in the game
saves just this purpose.} 45. Re3 Kg7 46. h3 $6 {It was better to keep the
pawn on h2 because now it is much easier for black to attack it.} Nh5 47. Kh2
Rf6 48. Kg1 Kg6 {[%csl Rh3][%cal Gg6g5,Gg5h4,Gh5f4]} 49. Rf2 $6 {There was no
reason to give up the pawn} Bxb3 50. Rxf6+ Kxf6 $19 51. Kf2 Bd5 52. Re5 Nf4 53.
Kg3 Ne6 54. Rh5 Kg6 55. Re5 Bc4 {[%cal Ge6c7,Gc7d5] Now black needs his knight
on d5.} 56. Re3 Nc7 57. Kg4 Be6+ 58. Kg3 Kf5 59. Re5+ Kf6 60. Re3 Nd5 61. Rf3+
Kg5 62. Kh2 h5 63. Rg3+ Kf4 64. Rg6 Kf5 65. Rh6 $6 {Suddenly the rook is
trapped in the corner,but the position is lost anyway.} Nf6 $1 {[%csl Rh6]} 66.
Rh8 Bg8 67. Kg3 Kg5 68. Kf3 Kg6 69. Kf4 Kg7 70. Rxg8+ Kxg8 0-1

[Event "USA-ch GpB"]
[Site "San Diego"]
[Date "2006.03.08"]
[Round "6"]
[White "Kriventsov, Stanislav G"]
[Black "Ivanov, Alexander"]
[Result "1/2-1/2"]
[WhiteElo "2449"]
[BlackElo "2606"]
[Annotator "Finkel,A"]
[PlyCount "106"]
[EventDate "2006.03.02"]
[EventType "swiss"]
[EventRounds "9"]
[EventCountry "USA"]
[SourceTitle "CBM 112"]
[Source "ChessBase"]
[SourceDate "2006.06.07"]
[SourceVersion "1"]
[SourceVersionDate "2006.06.07"]
[SourceQuality "1"]

1. e4 g6 2. d4 Bg7 3. Nc3 c6 4. h3 d6 5. Be3 Nd7 6. Qd2 b5 7. Nf3 Qc7 8. Bd3 {
A quite harmless line.} Ngf6 9. O-O O-O 10. Rfe1 e5 11. Bh6 ({The immediate
capture on e5 is of no danger for Black either.} 11. dxe5 dxe5 12. a4 (12. Ne2
c5 13. Ng3 c4 14. Bf1 Rd8 $2 15. a4 bxa4 16. Rxa4 Nb6 17. Qa5 $16 {Al Modiahki,
M-Fluvia Poyatos,J/Barcelona 2005}) 12... b4 13. Nd1 c5 14. b3 Bb7 15. Bg5 Rfe8
16. Nb2 Nf8 $13 {Ciuksyte,D-Klinova,M/Gothenburg 2005}) 11... Bb7 12. dxe5 dxe5
13. a4 a6 ({Very promising looked} 13... b4 $5 14. Ne2 c5 15. Ng3 c4 16. Bxg7
Kxg7 17. Bf1 c3 $13) 14. axb5 cxb5 {Opening up the long diagonal for the
bishop.} 15. Bxg7 Kxg7 16. Nd5 $6 {A very risky strategical decision as
White's pawn on d5 becomes a target for Black's pieces.} Nxd5 17. exd5 Rfd8 (
17... Bxd5 18. Bxg6 (18. Bxb5 Nb6 19. Be2 f6 20. b3 a5 $11) 18... Bxf3 19. Bf5
Rg8 (19... Bc6 $2 20. Qg5+ Kh8 21. Qh6 $18) 20. Bxd7 Kh8 21. g4 $13) 18. Bf1 f6
{Taking care of e5 before escalating pressure on d5.} (18... Qd6) 19. d6 Qb6 $5
(19... Qc6 $1 20. b4 $140 (20. Nd4 Qd5 $17) 20... Nb6 {[%csl Rd6][%cal Gb6d5]})
20. b4 Rac8 $1 {A very strong move, which has been played with the wrong idea!}
({The immediate} 20... Nf8 $2 {would run into} 21. Nxe5 $1 fxe5 22. Rxe5 Rd7 (
22... Rxd6 $2 23. Re7+ Kg8 24. Rxb7 $18) 23. Re7+ Kg8 24. Rae1 $18 {[%csl Rg8]
[%cal Gd2c3] and Black is helpless.}) 21. Ra3 Qc6 $2 {Obviously missing
White's reply.} (21... Nf8 $1 22. Nxe5 $140 fxe5 23. Rxe5 Rc7 $1 $17) 22. Nd4
$1 Qd5 23. Rd3 Qa2 ({The knight on d4 is taboo:} 23... exd4 $2 24. Re7+ Kh8 25.
Qh6 Qg8 26. Rxd4 Bc6 27. Rh4 Nf8 28. Qf4 Nd7 29. Bd3 $18 {[%csl Rh8][%cal
Gf4h6]}) 24. Rg3 Kh8 25. Rxg6 $1 Qf7 (25... hxg6 26. Qh6+ Kg8 27. Qxg6+ Kh8 28.
Bd3 e4 29. Bxe4 Bxe4 30. Rxe4 $18) 26. Rh6 $5 {[%csl Rh6] A concrete move,
which should've led to decisive advantage, but from the practical point of
view it would've been better to play} (26. Rg3 $1 $16 {and Black can do very
little on the kingside.}) 26... Rg8 27. Nf5 Rg5 28. Ng3 $6 ({Missing the
relatively simple winning line} 28. Ne7 $1 Qg7 29. f4 exf4 30. Nxc8 Qxh6 31.
Re8+ Rg8 32. Rxg8+ Kxg8 33. Ne7+ $18) 28... Qg7 $132 {[%csl Rg2][%cal Gf6f4]
Now Black is back in the game.} 29. Rh4 $6 (29. h4 $1 Rg4 30. c3) 29... f5 30.
Rh5 (30. Bd3 Qf6 $132) 30... Rxh5 31. Nxh5 Qg6 32. Ng3 (32. Rxe5 $5 Nxe5 33.
Qd4 Qe6 (33... Qxh5 $2 34. Qxe5+ Kg8 35. d7 Rd8 36. Qe7 $18) 34. f4 Re8 35. c3
Bc6 36. Kf2 h6 $13) 32... f4 33. Bd3 Qxd6 34. Nf5 Qg6 35. f3 $1 {From now on
White plays very strongly, putting Black problems with each move.} Rf8 36. Be4
Qb6+ 37. Kh2 Bxe4 38. Rxe4 $1 {[%csl Rd7]} (38. fxe4) 38... Qc7 39. Nd6 Qc6 40.
Re1 {[%cal Gd6e4]} Rf6 41. Ne4 Rf8 42. Rd1 Nf6 43. Nc5 a5 44. Qc3 $6 {For the
second time in the game White allows his opponent to escape.} (44. Nd3 $1 e4
45. fxe4 Nxe4 46. Ne5 $1 $16) 44... Re8 45. bxa5 Nd5 46. Qd3 (46. Rxd5 $5)
46... Ne3 47. Qd6 Qxd6 48. Rxd6 Rg8 49. a6 (49. g4 $2 fxg3+ 50. Kg1 Rc8 51. a6
Rxc5 52. a7 Rc8 53. Rb6 Kg7 54. Rb8 Rxc2 $19) 49... Rxg2+ 50. Kh1 Rxc2 51. a7
Rc1+ 52. Kh2 Rc2+ 53. Kg1 Rc1+ 1/2-1/2